Dynamic analysis of automotive carbon fiber strut bar /
Saved in:
| 主要作者: | |
|---|---|
| 格式: | Thesis 图书 |
| 语言: | English |
| 出版: |
2017.
|
| 主题: | |
| 在线阅读: | http://studentsrepo.um.edu.my/8491/ |
| 标签: |
添加标签
没有标签, 成为第一个标记此记录!
|
| LEADER | 01361cam a2200337 i 4500 | ||
|---|---|---|---|
| 001 | u1076809 | ||
| 003 | SIRSI | ||
| 005 | 201803081302 | ||
| 008 | 180308s2018 my a m 000 0 eng | ||
| 040 | |a UMM |d UMJ |e rda | ||
| 090 | |a TJ7 |b UM 2018 Mohsar | ||
| 097 | |a TJ7 |b UM 2018 Mohsar | ||
| 100 | 0 | |a Mohd Suffian Ab Razak, |e author. | |
| 245 | 1 | 0 | |a Dynamic analysis of automotive carbon fiber strut bar / |c Mohd Suffian Bin Ab Razak. |
| 264 | 1 | |c 2017. | |
| 300 | |a xvi, 167 leaves : |b illustrations ; |c 30 cm. | ||
| 336 | |a text |2 rdacontent | ||
| 337 | |a unmediated |2 rdamedia | ||
| 338 | |a volume |2 rdacarrier | ||
| 502 | |b M.Eng. |c Jabatan Kejuruteraan Mekanik, Fakulti Kejuruteraan, Universiti Malaya |d 2018. | ||
| 504 | |a Bibliography: leaves 110-112. | ||
| 650 | 0 | |a Carbon fibers. | |
| 650 | 0 | |a Carbon composites. | |
| 650 | 0 | |a Finite element method. | |
| 710 | 2 | |a Universiti Malaya. |b Jabatan Kejuruteraan Mekanik, |e degree granting institution. | |
| 856 | 4 | 1 | |u http://studentsrepo.um.edu.my/8491/ |
| 596 | |a 1 7 25 | ||
| 900 | |a NSM AMA | ||
| 999 | |a TJ7 UM 2018 MOHSAR |w LC |c 1 |i A517082342 |d 23/5/2018 |f 23/5/2018 |g 1 |l STACKS |m P01UTAMA |r Y |s Y |t TESIS |u 4/5/2018 |1 STEM | ||
| 999 | |a TJ7 UM 2018 MOHSAR |w LC |c 1 |i A517140028 |l STACKS |m P25UMARCHI |r N |s Y |t CD |u 12/6/2018 |1 STEM | ||
| 999 | |a TJ7 UM 2018 MOHSAR |w LC |c 1 |i A516960667 |l STACKS |m P07JURUTER |r Y |s Y |t TESIS |u 23/7/2018 |1 STEM | ||
